| 000 | 00727nam a2200205 a 4500 | ||
|---|---|---|---|
| 003 | CO-ViMGA | ||
| 005 | 20240806174723.0 | ||
| 008 | 141112s2004 ck r 000 u spa d | ||
| 020 | _a9789583384738 (colección) | ||
| 040 |
_aCO-ViMGA _bspa _cCO-ViMGA |
||
| 082 | 0 | 4 | _aCo863.44 C826 |
| 245 | 1 | 0 |
_aCuentos para contar : _bcuentos populares colombianos / _c[edición, Lina Mejía Correa, Tita Maya] |
| 250 | _aPrimera ecición | ||
| 300 |
_a161 páginas _bilustraciones a color _c27cm |
||
| 490 | _aSecretos para contar | ||
| 650 | 1 | 4 |
_aCuentos colombianos - Siglo XXI _92256 |
| 700 | 1 |
_aMejía Correa, Lina, ed. _936453 |
|
| 942 |
_2ddc _cBK |
||
| 990 | _aFundación Secretos para Contar 2 ejemplares 21 27/05/2011 n a763810 | ||
| 999 |
_c32341 _d32341 |
||